Vista normal
Vista MARC
Entrada Nombre de reunión
Número de registros utilizados en: 1
001 - NÚMERO DE CONTROL
- campo de control: 83933
003 - IDENTIFICADOR DEL NÚMERO DE CONTROL
- campo de control: DO-SdBNP
005 - FECHA Y HORA DE LA ÚLTIMA TRANSACCIÓN
- campo de control: 20230810140850.0
008 - DATOS DE LONGITUD FIJA
- campo de control de longitud fija: 230810|| aca||aabn | a|a d
040 ## - FUENTE DE LA CATALOGACIÓN
- Centro catalogador/agencia de origen: DO-SdBNP
- Centro/agencia transcriptor: DO-SdBNP
111 ## - ENCABEZAMIENTO--NOMBRE DE CONGRESO/REUNIÓN
- Nombre de congreso/reunión o jurisdicción como elemento de entrada: Seminario Internacional de Educación: "Educación: un desafío más allá de la escuela".
- Número del congreso/reunión o número de parte o sección: (6°:
- Fecha del congreso/reunión: 2002:
- Sede del congreso/Lugar de la reunión: Santo Domingo)
670 ## - FUENTE DE DATOS ENCONTRADOS
- Cita de la fuente: Work cat.: (DO-SdBNP)54378: Seminario Internacional de Educación: "Educación: un desafío más allá de la escuela". (6°: 2002: Santo Domingo) autor, Aprendo 2002:
